00974nam a2200265Ia 450000500170000000800390001702000180005608200190007424501230009325000230021626400330023930000260027233600270029833700330032533800280035849000430038650000210042950400350045065000610048565000530054670000320059970000200063170000220065104000350067320220317000315.0141031s2013 ck ag 0 sga d s sp spa a978950122725304a791.43098bH1110aHacer cinebproducción audiovisual en América Latinaccompilador Eduardo A. Russo ; David Oubiña ... [y otros.] aPrimera edición  aBuenos AiresbPaidósc2013 a460 páginasc22 cm. atextobtxt2rdacontent asin mediaciónbn2rdamedia avolumenbnc2rdacarrier aEstudios de comunicaciónvVolumen 25 aIncluye índice aIncluye notas bibliografícas142LEMBaCinexProducción y direcciónzAmérica Latina142LEMBaCine latinoamericanoxHistoria y crítica1 aRusso, Eduardo,ecompilador1 aOubiña, David1 aDurán, Mauricio aCO-BoRNBPbspaerdacCO-BoRNBP